000 00636nam 22002293 4500
001 200393
010 _a989-559-036-9
021 _aPT
_b199959/03
090 _a200393
100 _a20260204d u||y0pory50 ba
200 _aSuper Homem
_fJerry Siegel e Joe Shuster
210 _a[S.l.]
_cEdições Devir
_dD.L. 2003
215 _a206 p.
_cil. ; brochado
_d21 cm
225 _aOs clássicos da Banda Desenhada
_h6
606 _91586
_aDesenho Artístico
610 _aBanda Desenhada
675 _a74
_vPT
_zpor
700 _916199
_aSiegel
_bJerry
701 _916200
_aShuster
_bJoe
801 _aPT
_bBMMN
_gRPC
830 _cIsabel
990 _cLIVROS